<?xml version="1.0" encoding="UTF-8"?>
<record
    xmlns:xsi="http://www.w3.org/2001/XMLSchema-instance"
    xsi:schemaLocation="http://www.loc.gov/MARC21/slim http://www.loc.gov/standards/marcxml/schema/MARC21slim.xsd"
    xmlns="http://www.loc.gov/MARC21/slim">

  <leader>01132nam a2200241 a 4500</leader>
  <controlfield tag="001">000035818</controlfield>
  <controlfield tag="005">20200930074633.0</controlfield>
  <controlfield tag="008">111114s1979    mx            000 0 spa d</controlfield>
  <datafield tag="040" ind1=" " ind2=" ">
    <subfield code="a">DO-SdBNP</subfield>
    <subfield code="b">spa</subfield>
    <subfield code="c">BNPHU</subfield>
  </datafield>
  <datafield tag="100" ind1="1" ind2=" ">
    <subfield code="a">Caruso, Igor A.,</subfield>
    <subfield code="d">1914-</subfield>
    <subfield code="9">61777</subfield>
  </datafield>
  <datafield tag="245" ind1="1" ind2="0">
    <subfield code="a">Psicoan&#xE1;lisis, marxismo y utop&#xED;a /</subfield>
    <subfield code="c">por Igor A. Caruso ; traducci&#xF3;n de Rosa Tanco Duque, Ra&#xFA;l P&#xE1;ramo Ortega y Armando Su&#xE1;rez.</subfield>
  </datafield>
  <datafield tag="250" ind1=" " ind2=" ">
    <subfield code="a">2a ed.</subfield>
  </datafield>
  <datafield tag="260" ind1=" " ind2=" ">
    <subfield code="a">M&#xE9;xico :</subfield>
    <subfield code="b">Siglo Veintiuno Editores,</subfield>
    <subfield code="c">1979.</subfield>
  </datafield>
  <datafield tag="300" ind1=" " ind2=" ">
    <subfield code="a">205 p. ;</subfield>
    <subfield code="c">16 cm.</subfield>
  </datafield>
  <datafield tag="490" ind1="1" ind2=" ">
    <subfield code="a">M&#xED;nima ;</subfield>
    <subfield code="v">68</subfield>
  </datafield>
  <datafield tag="505" ind1="0" ind2=" ">
    <subfield code="t">Sirve el psicoan&#xE1;lisis de coartada social? --</subfield>
    <subfield code="t">Contribuci&#xF3;n al estudio de los conceptos de pulsi&#xF3;n de muertre y de agresividad en Freud --</subfield>
    <subfield code="t">Hacia una psicolog&#xED;a social de la conquista del cosmos --</subfield>
    <subfield code="t">Adquisici&#xF3;n o destrucci&#xF3;n de la soberan&#xED;a humana? --</subfield>
    <subfield code="t">Racionalidad e irracionalidad en el yo colectivo.</subfield>
  </datafield>
  <datafield tag="590" ind1=" " ind2=" ">
    <subfield code="a">Perteneci&#xF3; a la biblioteca personal de Juan Isidro Jimenes Grull&#xF3;n</subfield>
  </datafield>
  <datafield tag="700" ind1="1" ind2="2">
    <subfield code="a">Tanco Duque, Rosa</subfield>
    <subfield code="9">61778</subfield>
  </datafield>
  <datafield tag="700" ind1="1" ind2="2">
    <subfield code="a">P&#xE1;ramo Ortega, Ra&#xFA;l</subfield>
    <subfield code="9">61779</subfield>
  </datafield>
  <datafield tag="700" ind1="1" ind2="2">
    <subfield code="a">Su&#xE1;rez, Armando</subfield>
    <subfield code="9">61780</subfield>
  </datafield>
  <datafield tag="830" ind1=" " ind2="0">
    <subfield code="a">M&#xED;nima ;</subfield>
    <subfield code="v">68</subfield>
    <subfield code="9">28232</subfield>
  </datafield>
  <datafield tag="049" ind1=" " ind2=" ">
    <subfield code="a">BNPD</subfield>
  </datafield>
  <datafield tag="952" ind1=" " ind2=" ">
    <subfield code="0">0</subfield>
    <subfield code="1">0</subfield>
    <subfield code="5">0</subfield>
    <subfield code="7">1</subfield>
    <subfield code="8">MO</subfield>
    <subfield code="a">GR</subfield>
    <subfield code="b">GR</subfield>
    <subfield code="c">CT</subfield>
    <subfield code="d">2011-11-14</subfield>
    <subfield code="i">LF1</subfield>
    <subfield code="l">0</subfield>
    <subfield code="o"> </subfield>
    <subfield code="p">35818-10</subfield>
    <subfield code="r">2020-06-25</subfield>
    <subfield code="w">2020-06-25</subfield>
    <subfield code="y">1</subfield>
    <subfield code="z">Perteneci&#xF3; a la biblioteca personal de Juan Isidro Jimenes Grull&#xF3;n.</subfield>
    <subfield code="Z">No se presta</subfield>
  </datafield>
  <datafield tag="999" ind1=" " ind2=" ">
    <subfield code="c">35309</subfield>
    <subfield code="d">35309</subfield>
  </datafield>
</record>
